00470nam a2200157Ia 4500008004100000020001800041082001600059100003700075245004200112250000800154260003700162300002300199500001900222600002100241650005000262240925s9999 xx 000 0 und d a9788189757021 a005.756 SHA aSharma, Pooja ; Sehrawant, D. S. 0aRelational Database Management System a1st aNew Delhi:bKatson Booksc,2014. a218p.b0fOriginal aIncludes Index aComputer Science aComputer science, information & general works